01544cam a2200301 a 45000010005000000030006000050050017000110080041000280100017000690200018000860200018001040350023001220400018001450420008001630430012001710500024001830820011002071000020002182450076002382460037003142600037003513000047003885040056004355200629004916510042011206510042011626510038012043651FISKH20240402145847.0110121s2011 fr a b 000 0 fre  a 2011401893 a9782283024164 a9782262037659 a(FrPJT)JTL00287338 aDLCcDLCbeng apcc aa-cc---00aDS779.26b.P84 2011 a327.511 aPuel, Caroline.14aLes trente ans qui ont changé la Chine :b1980-2010 /cCaroline Puel.3 a30 ans qui ont changé la Chine aParis :bBuchet-Chastel,cc2011. a523 pages :bcolor illustrations ;c23 cm. aIncludes bibliographical references (p. [507]-514). a“When China awakens, the world will tremble.” The famous adage attributed to Napoleon has, in more than thirty years, become reality. Since the death of Mao, the Middle Kingdom has initiated a spectacular economic revolution which has raised it to the rank of second world power. But his hybrid regime with a liberal market economy held in a communist shell will have, to persist, to undertake very dreaded political reforms. Will he do it? From the advent of Deng Xiaoping to that of the new strongman Xi Jinping, Caroline Puel deciphers this paradox and recounts year after year the irresistible rise of the new giant. 0aChinaxPolitics and governmenty1976- 0aChinaxSocial life and customsy1976- 0aChinaxEconomic conditionsy1976-